Normal view
MARC view
- Kux, Dennis,
Entry Personal Name
001 - CONTROL NUMBER
- control field: 10931
003 - CONTROL NUMBER IDENTIFIER
- control field: NUST
005 - DATE AND TIME OF LATEST TRANSACTION
- control field: 20180605031726.0
008 - FIXED-LENGTH DATA ELEMENTS
- fixed length control field: 180605|| aca||aabn | a|a d
040 ## - CATALOGING SOURCE
- Original cataloging agency: NUST
- Transcribing agency: NUST
100 ## - HEADING--PERSONAL NAME
- Personal name: Kux, Dennis,
- Dates associated with a name: 1931-
670 ## - SOURCE DATA FOUND
- Source citation: Work cat.: (NUST)2400: Kux, Dennis, 1931-, India-Pakistan negotiations :, 2006.
